000
00213 a2200097 4500
001
15631
100
_a
Kurian, G
245
_a
Book of international lists
260
_a
London
_b
Macmillan
_c
090
_c
12200
_d
12200
942
_a
NUST-CAE
_c
M
_c
2449
999
_c
250704
_d
250704